000 00397nam a2200169Ia 4500
999 _c8325
_d8325
003 0100
005 20180214151125.0
008 130303s9999 xx 000 0 und d
040 _cARRUPELIB
050 _aDT714.M59 1983
100 _aMoleah, Alfred T
_924767
245 _aNamibia, the struggle for liberation /
260 _aWilmington
_bDisa Press
_c1983
300 _a341 p.
300 _b ill. 21 cm
650 _aNational liberation movements
_zNamibia
_939233
650 _aSWAPO
_939234
650 _aNamibia
_xPolitics and government
_939235
650 _aSelf-determination
_xNational
_939236
942 _2lcc
_cMONOGRAPH